000 00670nam a2200181Ia 4500
008 090124s9999 xx 000 0 und d
082 _b27305
_a2770
100 _aकोल्हटकर बाळ.
245 _a दुरितांचे तिमिर जावो (तीन अंकी)
250 _a0
260 _c1993
300 _a95
600 _aकोल्हटकर बाळ.
630 _a दुरितांचे तिमिर जावो (तीन अंकी)
700 _aकोल्हटकर बाळ.
730 _a दुरितांचे तिमिर जावो (तीन अंकी)
942 _cBOOK
999 _c140771
_d140771